• 首页
  • 本馆介绍
  • 公告通知
  • 最新文献
  • 馆藏检索
  • 电子资源
  • 读者导购
  • 参考咨询
  • 我的图书馆
  • 登录
  • 详细信息显示
  • 放入我的书架
  • 预约/预借图书
  • 作者相关作品
  • 分类相关作品
  • 丛书相关作品
  • 出版社相关作品

书目信息

  • 表格格式
  • 工作单格式
  • 卡片格式
题名:
外科复习题解答参考资料
    
 
作者: 中华医学会辽宁省沈阳分会
分册:  
出版信息:    
页数: 101页
开本: 26cm
丛书名:
单 册:
中图分类: R6
科图分类:
主题词: 外科学
电子资源:
ISBN:
000 00550nam0 2200181 45
001 0405211547
005 20040521152816.8
010    @dCNY0.90
100    @a20040521d km y0chiy0120 ea
101 0  @achi
105    @a z 000yy
200 1  @a外科复习题解答参考资料@AWai Ke Fu Xi Ti Jie Da Can Kao Zi Liao@f中华医学会辽宁省沈阳分会@FZhong Hua Yi Xue Hui Liao Ning Sheng Shen Yang Fen Hui
215    @a101页@d26cm
606 0  @a外科学
690    @aR6@v3
701  0 @a中华医学会辽宁省沈阳分会
801    @aCN@bPftUser@c20040521
905    @f1@b28585@dR6@e4
    
    外科复习题解答参考资料/中华医学会辽宁省沈阳分会
    101页;26cm
    
    
    ISBN :CNY0.90
    
●
相关链接 在E读中查询图书 在五车中查询图书 在当当中查询图书 在豆瓣中查询图书


正题名:外科复习题解答参考资料     索取号:R6/4         预约/预借

序号 登录号 条形码 馆藏地/架位号 状态 备注
1 0028585   000715444   第三借阅区/ [索取号:R6/4] 在馆    
2 0028586   000715435   第二样本阅览室/ [索取号:R6/4] 在馆    
唐山师范学院图书馆 欢迎您!
大连网信软件有限公司© 版权所有